| 000 | 00952nas a2200289 4500 | ||
|---|---|---|---|
| 001 | BR2011007087 | ||
| 003 | BR-BrBNA | ||
| 005 | 20231205115728.0 | ||
| 007 | ta | ||
| 008 | 230509b bl.|||p| |||| 00| 00por d | ||
| 040 |
_aBR-BrBNA _bpor _cBiblioteca Nacional de Agricultura |
||
| 041 | _a(Pt) | ||
| 072 | _aJ11; E70 | ||
| 100 | 1 | _aArgenta, L.C. | |
| 100 | 1 | _aVieira, M.J. | |
| 100 | 1 | _aScolato, A.M.T. | |
| 245 | 1 | _aValidação de catálogos de cores como indicadores do estádio de maturação e do ponto de colheita de maçã | |
| 246 | 1 | _aValidation of ground color chart as indicators of maturity stage and harvest date of apples | |
| 650 | _aMAÇÃ | ||
| 650 | _aMALUS DOMESTICA | ||
| 650 | _aCOR | ||
| 650 | _aMATURAÇÃO | ||
| 650 | _aCOLHEITA | ||
| 773 | 0 |
_tAgropecuária Catarinense (Brazil) _xISSN 0103-0779 _g(Nov 2010), v. 23(3) p. 71-77 _wBR2011007087 |
|
| 909 |
_a202311 _bLúcia _c55 _dLúcia Elande |
||
| 942 |
_2AGRIS _n0 _cANA |
||
| 999 |
_c215412 _d215412 |
||